AH International Schools' Libraries

Alcatraz vs. the librarians / (Record no. 48852)

MARC details
000 -LEADER
fixed length control field 00483nam a2200145 4500
020 ## - INTERNATIONAL STANDARD BOOK NUMBER
International Standard Book Number 9780765378958
100 ## - MAIN ENTRY--PERSONAL NAME
Personal name Sanderson, Brandon.
9 (RLIN) 86247
245 ## - TITLE STATEMENT
Title Alcatraz vs. the librarians /
Statement of responsibility, etc Brandon Sanderson.
260 ## - PUBLICATION, DISTRIBUTION, ETC. (IMPRINT)
Place of publication, distribution, etc New York:
Name of publisher, distributor, etc Starscape;
Date of publication, distribution, etc 2016.
300 ## - PHYSICAL DESCRIPTION
Extent 319 p.
Other physical details ill.
Dimensions 21 cm.
650 ## - SUBJECT ADDED ENTRY--TOPICAL TERM
Topical term or geographic name as entry element Librarians. Grandfathers. Clumsiness. Humorous stories.
Form subdivision Fiction.
9 (RLIN) 86248
655 ## - INDEX TERM--GENRE/FORM
Genre/form data or focus term Fantasy.
9 (RLIN) 56253
700 ## - ADDED ENTRY--PERSONAL NAME
Relator code illustrator.
Personal name Hayley Lazo.
9 (RLIN) 86249
942 ## - ADDED ENTRY ELEMENTS (KOHA)
Source of classification or shelving scheme
Koha item type J FIC BOOKS
Holdings
Withdrawn status Lost status Source of classification or shelving scheme Damaged status Not for loan Collection code Home library Current library Shelving location Date acquired Full call number Barcode Date last seen Price effective from Koha item type
          SECONDARY Asian Hope Secondary Library Asian Hope Secondary Library Junior Fiction 04/23/2025 J FIC SAN 208344 01/16/2026 04/23/2025 J FIC BOOKS

For any Logos Library related questions please contact Miss Art at swongnarasuk@asianhope.org.

For any Asian Hope Library related questions please contact Miss Raza at graza@asianhope.org.

Powered by Koha